Top 3 WRs by Year - Statistics

General Stats
  • This quiz has been taken 32 times
  • The average score is 35 of 45
Answer Stats
Hint Answer % Correct
2024 1263 (DET) Amon-Ra St. Brown
100%
2023 1515 (DET) Amon-Ra St. Brown
100%
2017 1533 (PIT) Antonio Brown
95%
2015 1834 (PIT) Antonio Brown
95%
2014 1698 (PIT) Antonio Brown
95%
2013 1499 (PIT) Antonio Brown
95%
2023 1749 (DAL) CeeDee Lamb
95%
2021 1947 (LAR) Cooper Kupp
95%
2024 1708 (CIN) Jamarr Chase
95%
2022 1809 (MIN) Justin Jefferson
95%
2021 1616 (MIN) Justin Jefferson
95%
2022 1516 (GB) Davante Adams
91%
2021 1553 (GB) Davante Adams
91%
2020 1535 (BUF) Stefon Diggs
91%
2023 1799 (MIA) Tyreek Hill
91%
2022 1710 (MIA) Tyreek Hill
91%
2013 1492 (DET) Calvin Johnson
86%
2012 1964 (DET) Calvin Johnson
86%
2011 1681 (DET) Calvin Johnson
86%
2019 1394 (ATL) Julio Jones
86%
2018 1677 (ATL) Julio Jones
86%
2017 1444 (ATL) Julio Jones
86%
2016 1409 (ATL) Julio Jones
86%
2015 1871 (ATL) Julio Jones
86%
2014 1593 (ATL) Julio Jones
86%
2020 1407 (ARI) DeAndre Hopkins
82%
2018 1572 (HOU) DeAndre Hopkins
82%
2015 1521 (HOU) DeAndre Hopkins
82%
2012 1598 (HOU) Andre Johnson
77%
2019 1725 (NO) Michael Thomas
77%
2018 1524 (TB) Mike Evans
77%
2014 1619 (DEN) Demaryius Thomas
73%
2016 1367 (NYG) Odell Beckham Jr.
73%
2019 1333 (TB) Chris Godwin
68%
2020 1416 (KC) Travis Kelce
68%
2017 1393 (LAC) Keenan Allen
64%
2016 1448 (IND) T.Y. Hilton
64%
2012 1508 (CHI) Brandon Marshall
50%
2011 1569 (NE) Wes Welker
45%
2010 1355 (IND) Reggie Wayne
41%
2010 1389 (ATL) Roddy White
41%
2011 1536 (NYG) Victor Cruz
32%
2024 1194 (LV) Brock Bowers
27%
2013 1646 (KC) Josh Gordon
27%
2010 1448 (DEN) Brandon Lloyd
9%
No matching quizzes found
Score Distribution
Percent of People with Each Score
Percentile by Number Answered
Your Score History
You have not taken this quiz